[Event "World Rapid 2022"]
[Site "Almaty KAZ"]
[Date "2022.12.28"]
[Round "12.72"]
[White "Narayanan, Srinath"]
[Black "Munkhdalai, Amilal"]
[Result "1/2-1/2"]
[WhiteTitle "GM"]
[BlackTitle "FM"]
[WhiteElo "2559"]
[BlackElo "2142"]
[WhiteFideId "5018420"]
[BlackFideId "4903250"]
[EventDate "2022.12.26"]

1. Nf3 Nf6 2. c4 e6 3. e3 b6 4. b3 Bb7 5. Bb2 Be7 6. d4 O-O 7. Bd3 d5 8. O-O
Nbd7 9. cxd5 Nxd5 10. Nc3 Nxc3 11. Bxc3 c5 12. Qc2 h6 13. Rfd1 Qc7 14. dxc5 Nxc5
15. Be5 Qc6 16. Bf1 Rac8 17. Rac1 f6 18. Bf4 Qe4 19. Qxe4 Bxe4 20. Bc4 a6 21.
Nd4 Kf7 22. f3 b5 23. Bxe6+ Nxe6 24. Nxe6 Kxe6 25. fxe4 Ba3 26. Rxc8 Rxc8 27.
Rd2 Bb4 28. Re2 a5 29. Kf2 a4 30. bxa4 bxa4 31. Rb2 Rc4 32. Kf3 Bc5 33. h4 g5
34. Bg3 Rc3 35. Bf2 a3 36. Re2 Bd6 37. h5 Rc1 38. Be1 Rb1 39. Bc3 Be5 40. Bd4
Rd1 41. Rc2 Bxd4 42. exd4 Rd3+ 43. Ke2 Rxd4 44. Ke3 Ra4 45. g4 Ke5 46. Rc5+ Ke6
47. Kd3 Kd6 48. Rb5 Ke6 49. Rb8 Ke5 50. Rb5+ Kf4 51. Rf5+ Kxg4 52. Rxf6 Kxh5 53.
e5 g4 54. e6 Ra8 55. Ke4 Kg5 56. Rf7 h5 57. e7 Re8 58. Ke5 g3 59. Rg7+ Kh6 60.
Kf6 h4 61. Rg6+ Kh5 62. Rg5+ Kh6 63. Rg6+ Kh5 64. Rg5+ Kh6 65. Rg6+ Kh5 66. Rg5+ 1/2-1/2

[Event "World Rapid 2022"]
[Site "Almaty KAZ"]
[Date "2022.12.28"]
[Round "12.73"]
[White "Elier, Ali"]
[Black "Aleksandrov, Aleksej"]
[Result "0-1"]
[BlackTitle "GM"]
[WhiteElo "2165"]
[BlackElo "2495"]
[WhiteFideId "16217543"]
[BlackFideId "13500139"]
[EventDate "2022.12.26"]

1. e4 e5 2. Nf3 Nc6 3. Nc3 Nf6 4. d4 exd4 5. Nd5 Be7 6. Bc4 d6 7. Nxd4 Nxd5 8.
Nxc6 bxc6 9. exd5 Bb7 10. O-O O-O 11. c3 Rb8 12. Rb1 Bg5 13. Qh5 Bxc1 14. dxc6
Bxc6 15. Rfxc1 Be4 16. Ra1 Rxb2 17. Qa5 c5 18. Qa3 Qg5 19. Bf1 Qd2 0-1

[Event "World Rapid 2022"]
[Site "Almaty KAZ"]
[Date "2022.12.28"]
[Round "12.74"]
[White "Saraci, Nderim"]
[Black "Abdilkhair, Abilmansur"]
[Result "1-0"]
[WhiteTitle "IM"]
[BlackTitle "FM"]
[WhiteElo "2468"]
[BlackElo "2278"]
[WhiteFideId "6351921"]
[BlackFideId "13716417"]
[EventDate "2022.12.26"]

1. d4 d5 2. Nf3 Nf6 3. Bf4 c5 4. e3 Nc6 5. Nbd2 Qb6 6. dxc5 Qxb2 7. Rb1 Qc3 8.
Bb5 g6 9. e4 dxe4 10. Be5 Qxc5 11. Bxf6 exf6 12. Nxe4 Qe7 13. O-O f5 14. Nc3 Bg7
15. Nd5 Qd8 16. Re1+ Be6 17. Nf4 O-O 18. Nxe6 fxe6 19. Bxc6 bxc6 20. Rxe6 Qxd1+
21. Rxd1 Rad8 22. Rde1 Bc3 23. Rb1 Rb8 24. Rb3 Ba5 25. g3 c5 26. Ne5 Rb4 27. Ra6
Bc7 28. Nc6 Rb6 29. Ne7+ Kf7 30. Rxa7 Rxb3 31. cxb3 Bb8 32. Rb7 Ke6 33. Nc6 Bd6
34. Na5 Be5 35. Kg2 f4 36. gxf4 Bxf4 37. Nc4 h5 38. Rb6+ Kf5 39. Rc6 Re8 40.
Rxc5+ Kg4 41. Rc6 g5 42. h3+ Kh4 43. Nd6 Re5 44. Rc4 Rd5 45. Ne4 g4 46. hxg4
hxg4 47. Nc3 Rf5 48. Ne2 Bb8 49. Ng3 Rd5 50. Nf1 Ba7 51. Nh2 Rf5 52. Nxg4 Kg5
53. Ne3 Re5 54. f4+ 1-0

[Event "World Rapid 2022"]
[Site "Almaty KAZ"]
[Date "2022.12.28"]
[Round "12.75"]
[White "Munkhgal, Gombosuren"]
[Black "Averin, Nikolay"]
[Result "1/2-1/2"]
[WhiteTitle "GM"]
[BlackTitle "FM"]
[WhiteElo "2463"]
[BlackElo "2342"]
[WhiteFideId "4901266"]
[BlackFideId "24250473"]
[EventDate "2022.12.26"]

1. d4 d5 2. Bf4 Nf6 3. e3 c5 4. dxc5 e6 5. b4 a5 6. c3 Bd7 7. Nd2 axb4 8. cxb4
b6 9. cxb6 Bxb4 10. Bc7 Qe7 11. Nf3 O-O 12. a4 Bc3 13. Ra2 Qb4 14. Bd3 Rxa4 15.
Rxa4 Bxa4 16. Qe2 Ne4 17. O-O Nxd2 18. Nxd2 Bxd2 19. Rb1 Qa5 20. Qh5 g6 21. Qh4
Bc6 22. Qf4 Nd7 23. b7 Qc3 24. Bf1 e5 25. Qg4 Bxb7 26. Rxb7 Qc6 27. Ra7 Nf6 28.
Qh4 Re8 29. Bxe5 Rxe5 30. Ra6 Qe8 31. Qxf6 Be1 32. Ra2 Rf5 33. Qd4 Qe5 34. Qd3
Kg7 35. g3 Rf6 36. Re2 Bb4 37. Qb3 Bc5 38. Qd3 Bb4 39. Bg2 Qa1+ 40. Bf1 Qe5 41.
Ra2 Be1 42. Bg2 Rf5 43. Bh3 Rf6 44. Bg2 Rf5 45. Bh3 Rf6 1/2-1/2

[Event "World Rapid 2022"]
[Site "Almaty KAZ"]
[Date "2022.12.28"]
[Round "12.76"]
[White "Burmakin, Vladimir"]
[Black "Postlmayer, Jakob"]
[Result "1-0"]
[WhiteTitle "GM"]
[BlackTitle "FM"]
[WhiteElo "2498"]
[BlackElo "2314"]
[WhiteFideId "4105109"]
[BlackFideId "1643622"]
[EventDate "2022.12.26"]

1. Nf3 d5 2. g3 g6 3. c4 dxc4 4. Qa4+ Nc6 5. Qxc4 Bg7 6. Bg2 e5 7. d3 Nge7 8.
Nc3 O-O 9. O-O Be6 10. Qa4 h6 11. Be3 Nd5 12. Nxd5 Bxd5 13. Rfc1 Re8 14. Rc5 Nd4
15. Rxd5 Nxe2+ 16. Kf1 Qxd5 17. Kxe2 e4 18. dxe4 Rxe4 19. Qb3 Qxb3 20. axb3 Bxb2
21. Ra2 Bg7 22. Nd2 Rb4 23. Bd5 Bf8 24. Rxa7 Rxa7 25. Bxa7 Rb5 26. Bc4 Re5+ 27.
Be3 Bc5 28. Nf1 b5 29. Bd3 Kf8 30. h4 h5 31. Kd2 Bxe3+ 32. Nxe3 Ke7 33. Nc2 c6
34. b4 Kd6 35. Nd4 Re8 36. Be2 Ra8 37. Bf3 Ra2+ 38. Ke3 Ra3+ 39. Kf4 Ra2 40. Ke3
Ra3+ 41. Kf4 Ra2 42. Bxc6 Rxf2+ 43. Ke3 Rb2 44. Be8 Rg2 45. Ne2 Ke7 46. Bxb5 Rh2
47. Bc6 Kd6 48. Be4 g5 49. hxg5 h4 50. gxh4 Rxh4 51. Nd4 Rg4 52. Nf3 Kc7 53. b5
Kb6 54. Bc6 Kc7 55. Be8 f5 56. gxf6 Rg8 57. f7 Rf8 58. Ne5 Rh8 59. Ng6 Rh3+ 60.
Kf4 Rh1 61. Kf5 Kb6 1-0

[Event "World Rapid 2022"]
[Site "Almaty KAZ"]
[Date "2022.12.28"]
[Round "12.77"]
[White "Petkov, Momchil"]
[Black "Khusenkhojaev, Mustafokhuja"]
[Result "1/2-1/2"]
[WhiteTitle "GM"]
[WhiteElo "2531"]
[BlackElo "2265"]
[WhiteFideId "2921642"]
[BlackFideId "14700727"]
[EventDate "2022.12.26"]

1. d4 Nf6 2. Nf3 g6 3. c4 Bg7 4. Nc3 d5 5. e3 O-O 6. cxd5 Nxd5 7. Bc4 Nxc3 8.
bxc3 c5 9. O-O cxd4 10. cxd4 b6 11. Bb2 Bb7 12. Qe2 Nd7 13. e4 Rc8 14. Rac1 Rc7
15. Rc2 Bh6 16. d5 Qc8 17. Nd4 Ne5 18. Nf5 gxf5 19. Bxe5 Rc5 20. Bd4 Rc7 21. Qd3
f4 22. Rfc1 Qg4 23. f3 Qg5 24. e5 Rd8 25. d6 exd6 26. e6 d5 27. Bb3 Re7 28.
exf7+ Rxf7 29. Rc7 Rdd7 30. Rxd7 Rxd7 31. h4 Qg6 32. Qe2 Bg7 33. Bxg7 Kxg7 34.
Ba4 b5 35. Bxb5 Rf7 36. Be8 Qb6+ 37. Kh2 Ba6 38. Qe5+ Qf6 39. Qxf6+ Rxf6 40.
Rc7+ Kf8 41. Ba4 Rf7 42. Rc6 Bc4 43. a3 Kg7 44. Rd6 Rf6 45. Rd7+ Rf7 46. Rd8 Kf6
47. Kg1 Ke5 48. Bc2 Kd4 49. h5 Kc3 50. Bb1 d4 51. Rc8 Kb3 52. Ba2+ Kxa2 53. Rxc4
Rd7 54. Kf2 Kxa3 55. Ke2 a5 56. Kd3 a4 57. h6 Kb3 58. Rc6 a3 59. Rb6+ Ka2 60.
Rb4 Rd6 61. Kc2 Rc6+ 62. Kd3 Rxh6 63. Kxd4 Rg6 64. Kc3 Rxg2 65. Rxf4 Kb1 66. Rh4
Rf2 67. Rh1+ Ka2 68. Rxh7 Rxf3+ 69. Kc2 Rf2+ 70. Kc1 Kb3 71. Rb7+ Kc3 72. Rc7+
Kb3 73. Rb7+ Ka2 74. Rb8 Rf6 75. Rb7 Rc6+ 76. Kd2 Rc5 77. Rb8 Rh5 78. Kc2 Rh2+
79. Kc1 Rb2 80. Rh8 Rb7 81. Rc8 Kb3 82. Kb1 a2+ 83. Ka1 Rh7 84. Rb8+ Ka3 1/2-1/2

[Event "World Rapid 2022"]
[Site "Almaty KAZ"]
[Date "2022.12.28"]
[Round "12.78"]
[White "Mamedov, Edgar"]
[Black "Gurel, Ediz"]
[Result "0-1"]
[WhiteTitle "FM"]
[BlackTitle "IM"]
[WhiteElo "2283"]
[BlackElo "2454"]
[WhiteFideId "13739980"]
[BlackFideId "44507356"]
[EventDate "2022.12.26"]

1. d4 Nf6 2. Nf3 e6 3. c4 b6 4. g3 Bb7 5. Bg2 Be7 6. O-O O-O 7. Re1 c5 8. Nc3
cxd4 9. Qxd4 Nc6 10. Qd1 d5 11. cxd5 exd5 12. Be3 Qd7 13. Bd4 Nxd4 14. Nxd4 Rfe8
15. Qd3 Rad8 16. Rad1 h6 17. e3 Bc5 18. a3 a5 19. Qb5 Qc8 20. Qd3 Ba6 21. Qf5
Bxa3 22. Qb1 Bb4 23. Rc1 Qd7 24. Red1 Bc5 25. Nb3 Bb7 26. Nxc5 bxc5 27. Qa2 d4
28. Bxb7 Qxb7 29. Qxa5 dxe3 30. Rxd8 exf2+ 31. Kxf2 Qxb2+ 32. Kf3 Qxc1 33. Rxe8+
Nxe8 34. Qxc5 Nf6 35. Ke2 Qc2+ 36. Ke1 Qxh2 37. Qc8+ Kh7 38. Qf5+ Kh8 39. Qc8+
Ng8 40. Qc7 Qh5 41. Ne2 Nf6 42. Qd8+ Kh7 43. Qe7 Qa5+ 44. Kd1 Qd5+ 45. Ke1 Ne4
46. Qb4 Nc5 47. Qb1+ Qe4 48. Qb5 Qb4+ 49. Qxb4 Nd3+ 50. Kd2 Nxb4 51. Kc3 Nc6 52.
Kc4 Ne7 53. Kd4 g5 54. g4 f5 55. gxf5 Nxf5+ 56. Ke4 Kg6 57. Ng1 Nd6+ 58. Ke5
Nf7+ 59. Ke4 h5 60. Ne2 h4 61. Nd4 Kh5 62. Kf3 Ne5+ 63. Kg2 Kg4 64. Nc2 h3+ 65.
Kh2 Kh4 66. Ne3 Ng4+ 0-1

[Event "World Rapid 2022"]
[Site "Almaty KAZ"]
[Date "2022.12.28"]
[Round "12.79"]
[White "Zverev, Lev"]
[Black "Kazakov, Konstantin"]
[Result "1-0"]
[WhiteTitle "FM"]
[BlackTitle "IM"]
[WhiteElo "2310"]
[BlackElo "2385"]
[WhiteFideId "24250775"]
[BlackFideId "13700898"]
[EventDate "2022.12.26"]

1. e4 c5 2. Nf3 g6 3. d4 cxd4 4. Nxd4 Bg7 5. Nc3 Nc6 6. Be3 Nf6 7. Bc4 Qc7 8.
Bb3 O-O 9. f3 a6 10. Qd2 Na5 11. Bh6 b5 12. O-O-O Bb7 13. Kb1 Nxb3 14. cxb3 b4
15. Nce2 e5 16. Nf5 gxf5 17. Bxg7 Nxe4 18. Qh6 Rfc8 19. fxe4 Qc2+ 20. Ka1 Qxe2
21. Bxe5 Qg4 22. Qf6 Kf8 23. Qh8+ Ke7 24. Bd6+ Ke6 1-0

[Event "World Rapid 2022"]
[Site "Almaty KAZ"]
[Date "2022.12.28"]
[Round "12.80"]
[White "Everett, Elijah"]
[Black "Uruci, Endrit"]
[Result "1-0"]
[BlackTitle "FM"]
[WhiteElo "2202"]
[BlackElo "2297"]
[WhiteFideId "12973696"]
[BlackFideId "22100199"]
[EventDate "2022.12.26"]

1. e4 c6 2. d4 d5 3. Nd2 dxe4 4. Nxe4 Nf6 5. Nxf6+ exf6 6. c3 Bd6 7. Bd3 O-O 8.
Ne2 Nd7 9. Qc2 g6 10. h4 f5 11. h5 Nf6 12. hxg6 hxg6 13. Qd2 Re8 14. Qh6 Nh5 15.
Bg5 Be7 16. Bxe7 Qxe7 17. g4 fxg4 18. Rxh5 Qf6 19. O-O-O Qg7 20. Rh2 Qxh6+ 21.
Rxh6 Bf5 22. Nf4 Bxd3 23. Nxd3 Re2 24. Rdh1 Rae8 25. Ne5 Re7 26. Nxg4 Re1+ 27.
Rxe1 Rxe1+ 28. Kd2 Rb1 29. Kc2 Re1 30. Rh2 Re2+ 31. Kb3 Kg7 32. f3 Re1 33. Kc4
g5 34. Kc5 Rf1 35. Rf2 Ra1 36. a3 Re1 37. Kd6 f6 38. a4 Kg6 39. a5 a6 40. Rh2
Kg7 41. d5 cxd5 42. Kxd5 f5 43. Ne5 Re3 44. Ke6 g4 45. fxg4 fxg4 46. Rg2 g3 47.
Kf5 1-0

[Event "World Rapid 2022"]
[Site "Almaty KAZ"]
[Date "2022.12.28"]
[Round "12.81"]
[White "Kostenko, Petr"]
[Black "Degenbaev, Aziz"]
[Result "1-0"]
[WhiteTitle "GM"]
[WhiteElo "2374"]
[BlackElo "2139"]
[WhiteFideId "13700669"]
[BlackFideId "13802640"]
[EventDate "2022.12.26"]

1. c4 Nf6 2. g3 g6 3. Bg2 Bg7 4. Nc3 c5 5. e4 d6 6. Nge2 e5 7. a3 Nc6 8. Rb1 O-O
9. b4 Nd4 10. O-O Be6 11. d3 Qd7 12. Nd5 Bxd5 13. exd5 Nxe2+ 14. Qxe2 b6 15. Qc2
Ne8 16. a4 f5 17. bxc5 bxc5 18. Qb3 Rc8 19. Qb5 Qe7 20. Qa6 Nc7 21. Qxa7 Ra8 22.
Qb7 Rxa4 23. Rb6 Raa8 24. Bg5 Qxg5 25. Qxc7 f4 26. Qxd6 f3 27. Bh3 e4 28. dxe4
Bd4 29. Rb7 Ra2 30. Be6+ 1-0

[Event "World Rapid 2022"]
[Site "Almaty KAZ"]
[Date "2022.12.28"]
[Round "12.82"]
[White "Akhilbay, Imangali"]
[Black "Vetokhin, Savva"]
[Result "1/2-1/2"]
[BlackTitle "IM"]
[WhiteElo "2140"]
[BlackElo "2354"]
[WhiteFideId "13734857"]
[BlackFideId "44144474"]
[EventDate "2022.12.26"]

1. d4 Nf6 2. Bf4 e6 3. Nc3 d5 4. Nb5 Na6 5. e3 Be7 6. Nf3 O-O 7. h4 c6 8. Nc3 c5
9. a3 Nc7 10. h5 h6 11. g4 Ne4 12. Nxe4 dxe4 13. Ne5 cxd4 14. exd4 Nd5 15. Bd2
Bg5 16. Qe2 Qb6 17. O-O-O Qxd4 18. Nc4 Qf6 19. Bg2 Bd7 20. Nd6 Nf4 21. Bxf4
Bxf4+ 22. Kb1 Bxd6 23. Rxd6 Bc6 24. Bxe4 Bxe4 25. Qxe4 Qxf2 26. g5 Qg3 27. Qd4
e5 28. Qd5 Qxg5 29. Rg6 Rad8 30. Qb3 Qf5 31. Rhg1 Kh8 32. Rxg7 Rd1+ 33. Rxd1
Kxg7 34. Qxb7 Rc8 35. Rg1+ Kh7 36. Qg2 Qf6 37. Rf1 Qe6 38. Rg1 Qf6 39. Rf1 Qe6
40. Rg1 Qf6 41. Rf1 Qg7 42. Qb7 Rf8 43. Qxa7 f5 44. Qf2 Qg5 45. Qa7+ Qg7 46. Qf2
Qf7 47. Qe3 e4 48. Qe2 Qf6 49. Rg1 Rg8 50. Rf1 Rb8 51. b3 Rf8 52. Rg1 Rg8 53.
Rf1 Qe5 54. Qe3 Rg4 55. Qa7+ Rg7 56. Qe3 Rf7 57. Re1 Qh2 58. Qb6 Qxh5 59. a4 Qg6
60. Qe3 Qg5 61. Qd4 Qg6 62. a5 h5 63. Rg1 Qf6 64. Qd1 Kh6 65. Qd5 e3 66. a6 Re7
67. Qf3 e2 68. Re1 Qd4 69. Qc6+ Kh7 70. Qf3 Qg4 71. Qf2 Re8 72. a7 f4 73. Ka2 f3
74. Rg1 Qf5 75. Qb6 Qxc2+ 76. Ka3 Qe4 77. Qc7+ Re7 78. Qb8 Re8 79. Qc7+ Re7 80.
Qb8 Re8 81. Qc7+ Re7 1/2-1/2

[Event "World Rapid 2022"]
[Site "Almaty KAZ"]
[Date "2022.12.28"]
[Round "12.83"]
[White "Haldorsen, Benjamin"]
[Black "Amangeldy, Ernur"]
[Result "1-0"]
[WhiteTitle "IM"]
[WhiteElo "2449"]
[BlackElo "2097"]
[WhiteFideId "1512633"]
[BlackFideId "13720244"]
[EventDate "2022.12.26"]

1. e4 e5 2. Nf3 Nc6 3. Bc4 Bc5 4. d3 Nf6 5. c3 O-O 6. Bg5 h6 7. Bh4 Be7 8. Bg3
d6 9. Nbd2 Be6 10. O-O Qd7 11. Re1 Rfe8 12. Bb5 a6 13. Bxc6 Qxc6 14. d4 exd4 15.
cxd4 Qb6 16. d5 Bd7 17. Nc4 Qb4 18. Rc1 Bf8 19. a3 Qb5 20. Nd4 Qc5 21. Nxd6 Qxc1
22. Qxc1 cxd6 23. f3 Rac8 24. Qd2 g6 25. Rc1 Rxc1+ 26. Qxc1 Bg7 27. Qd2 Bf8 28.
Qb4 Rc8 29. Bxd6 a5 30. Qb6 Bg7 31. Bf4 Rc4 32. Be3 Bc8 33. e5 Nd7 34. Qd8+ Kh7
35. f4 g5 36. g3 Nf8 37. Qe7 gxf4 38. gxf4 Kg8 39. f5 Rxd4 40. Bxd4 Bxf5 41.
Qxb7 1-0

[Event "World Rapid 2022"]
[Site "Almaty KAZ"]
[Date "2022.12.28"]
[Round "12.84"]
[White "Khripachenko, Alexander"]
[Black "Tulendinov, Dinmukhammed"]
[Result "1-0"]
[WhiteTitle "FM"]
[BlackTitle "CM"]
[WhiteElo "2219"]
[BlackElo "1948"]
[WhiteFideId "54184975"]
[BlackFideId "13730860"]
[EventDate "2022.12.26"]

1. e4 c5 2. Nf3 e6 3. d4 cxd4 4. Nxd4 a6 5. Bd3 Nf6 6. O-O Qc7 7. Qe2 d6 8. c4
Nbd7 9. Nc3 g6 10. Rd1 Bg7 11. b3 O-O 12. Ba3 Rd8 13. Rac1 b6 14. Nf3 Bb7 15.
Bb1 Ne5 16. Re1 Nfd7 17. h3 Rac8 18. Qe3 Nxf3+ 19. Qxf3 Ne5 20. Qe3 Qb8 21. Qxb6
Bh6 22. Rcd1 Bf8 23. Qe3 Nd7 24. Rd2 Nc5 25. Red1 Rd7 26. b4 Nxe4 27. Nxe4 Rxc4
28. Nf6+ 1-0

[Event "World Rapid 2022"]
[Site "Almaty KAZ"]
[Date "2022.12.28"]
[Round "12.85"]
[White "Shishkov, Andrei"]
[Black "Korelskiy, Egor"]
[Result "1-0"]
[WhiteTitle "IM"]
[BlackTitle "FM"]
[WhiteElo "2340"]
[BlackElo "2153"]
[WhiteFideId "4500563"]
[BlackFideId "34329064"]
[EventDate "2022.12.26"]

1. d4 d5 2. c4 e6 3. Nc3 c6 4. e3 Bd6 5. b3 f5 6. Bd3 Nf6 7. Bb2 O-O 8. Nf3 Ne4
9. O-O Nd7 10. Qc2 Qe7 11. Ne2 b6 12. Ne5 Bb7 13. f3 Nef6 14. Nxd7 Qxd7 15. c5
Bc7 16. h3 h6 17. e4 dxe4 18. fxe4 fxe4 19. Bxe4 Nd5 20. Rf3 Ba6 21. Raf1 Rxf3
22. Rxf3 Nb4 23. Bh7+ Kh8 24. Qg6 Qd5 25. Rf7 Qg5 26. Rxc7 Bxe2 27. d5 e5 28. h4
Qxg6 29. Bxg6 Bd3 30. Bxd3 Nxd3 31. d6 Rd8 32. Ba3 bxc5 33. d7 Kh7 34. Rxa7 e4
35. Kf1 Kg6 36. Ke2 Kf5 37. Ke3 Ke5 38. Ra5 Kd5 39. Bxc5 Rxd7 40. Bd4+ c5 41.
Bxc5 Kc6 42. b4 Nb2 43. Kxe4 Rd1 44. g4 Re1+ 45. Kf5 Rf1+ 46. Ke4 g5 47. Ra6+
Kb5 48. Rxh6 Rf4+ 49. Kd5 Na4 50. hxg5 Rxg4 51. g6 Nc3+ 52. Ke5 Nxa2 53. Kf5 Rg3
54. Kf6 Nc3 55. g7 Ne4+ 56. Kf7 Ng5+ 57. Kf8 Rf3+ 58. Ke8 Ne4 59. g8=Q Nf6+ 1-0

[Event "World Rapid 2022"]
[Site "Almaty KAZ"]
[Date "2022.12.28"]
[Round "12.86"]
[White "Nissinen, Niilo Man"]
[Black "Suleimen, Ergali"]
[Result "0-1"]
[WhiteTitle "CM"]
[WhiteElo "1996"]
[BlackElo "2073"]
[WhiteFideId "30950767"]
[BlackFideId "13724452"]
[EventDate "2022.12.26"]

1. e4 c5 2. Nf3 Nc6 3. d4 cxd4 4. Nxd4 Nf6 5. Nc3 e5 6. Ndb5 d6 7. Bg5 a6 8. Na3
b5 9. Bxf6 gxf6 10. Nd5 f5 11. g3 Bg7 12. Bg2 O-O 13. exf5 Bxf5 14. Ne3 Nd4 15.
Nxf5 Nxf5 16. Bxa8 Qxa8 17. O-O Nd4 18. f3 b4 19. Nc4 Qc6 20. c3 bxc3 21. bxc3
Nb5 22. Qd3 d5 23. Ne3 Qxc3 24. Qxc3 Nxc3 25. Nf5 d4 26. Nxg7 Kxg7 27. Rf2 f5
28. Rd2 e4 29. Kf1 d3 30. Rc1 Rc8 31. Kf2 Kf6 32. g4 Ke5 33. Re1 Kf4 34. gxf5
e3+ 35. Rxe3 Nd1+ 36. Rxd1 Rc2+ 37. Kg1 Kxe3 38. f6 Ke2 39. Rb1 d2 40. f7 Rc8 0-1

[Event "World Rapid 2022"]
[Site "Almaty KAZ"]
[Date "2022.12.28"]
[Round "13.5"]
[White "Murzin, Volodar"]
[Black "Rapport, Richard"]
[Result "0-1"]
[WhiteTitle "GM"]
[BlackTitle "GM"]
[WhiteElo "2561"]
[BlackElo "2740"]
[WhiteFideId "44155573"]
[BlackFideId "738590"]
[EventDate "2022.12.26"]

1. e4 e6 2. d3 d5 3. Qe2 Nc6 4. Nc3 d4 5. Nd1 e5 6. g3 h5 7. h4 Be6 8. Bh3 Qd7
9. Bxe6 Qxe6 10. Nf3 f6 11. c3 O-O-O 12. cxd4 exd4 13. Kf1 Nge7 14. a3 Ng6 15.
b4 Be7 16. Nb2 Rhf8 17. Nc4 f5 18. b5 fxe4 19. Ng5 Bxg5 20. Bxg5 e3 21. Bxd8
Rxf2+ 22. Qxf2 exf2 23. bxc6 b5 24. Nd2 Kxd8 25. Nf3 Qxc6 26. Kxf2 Qc2+ 27. Kg1
Qxd3 0-1

[Event "World Rapid 2022"]
[Site "Almaty KAZ"]
[Date "2022.12.28"]
[Round "13.7"]
[White "Vidit, Santosh Gujrathi"]
[Black "Giri, Anish"]
[Result "1/2-1/2"]
[WhiteTitle "GM"]
[BlackTitle "GM"]
[WhiteElo "2730"]
[BlackElo "2764"]
[WhiteFideId "5029465"]
[BlackFideId "24116068"]
[EventDate "2022.12.26"]

1. d4 Nf6 2. Nf3 g6 3. b3 Bg7 4. Bb2 c5 5. dxc5 Qa5+ 6. Nbd2 Qxc5 7. e3 O-O 8.
c4 b6 9. Be2 Bb7 10. O-O d6 11. Rc1 Nbd7 12. a3 Qc7 13. b4 a5 14. Qb3 Rfc8 15.
Nd4 Ne4 16. Nxe4 Bxe4 17. Rfd1 axb4 18. axb4 Nf6 19. f3 Bb7 20. Nb5 Qb8 21. Ra1
Ba6 22. Nd4 Qc7 23. Rdc1 Bb7 24. Nb5 Qd8 25. Rd1 Nd7 26. Bxg7 Kxg7 27. Qb2+ Kg8
28. Qd4 Rxa1 29. Rxa1 Ra8 30. Kf2 Bc6 31. Na7 Qc7 32. Nb5 Qb8 33. Na3 Ra4 34.
Nc2 Qa7 35. Qb2 Rxa1 36. Qxa1 Qxa1 37. Nxa1 f5 38. Nb3 Kf7 39. Ke1 Kf6 1/2-1/2

[Event "World Rapid 2022"]
[Site "Almaty KAZ"]
[Date "2022.12.28"]
[Round "13.8"]
[White "Abdusattorov, Nodirbek"]
[Black "Mamedov, Rauf"]
[Result "1/2-1/2"]
[WhiteTitle "GM"]
[BlackTitle "GM"]
[WhiteElo "2713"]
[BlackElo "2646"]
[WhiteFideId "14204118"]
[BlackFideId "13401653"]
[EventDate "2022.12.26"]

1. d4 Nf6 2. c4 g6 3. g3 c6 4. Bg2 d5 5. Nf3 Bg7 6. O-O O-O 7. Qb3 Qb6 8. Nc3
Rd8 9. Bd2 Bf5 10. Na4 Qxb3 11. axb3 Nbd7 12. Rfc1 Be4 13. e3 dxc4 14. bxc4 e5
15. Ba5 b6 16. Nxe5 Bxg2 17. Kxg2 Nxe5 18. dxe5 Ng4 19. Bc3 Nxe5 20. b3 h5 21.
Rc2 Nd3 22. Rca2 Rab8 23. b4 b5 24. cxb5 Rxb5 25. Bxg7 Kxg7 26. Nc3 Rxb4 27.
Rxa7 Rb2 28. Ne4 Re8 29. R1a4 Re5 30. Rd4 Rd5 31. Kf1 Rc2 32. Rc7 Rxd4 33. exd4
Kf8 34. Kg1 f5 35. Ng5 Ke8 36. h4 Nxf2 37. d5 Ne4 38. Nxe4 fxe4 39. dxc6 e3 40.
Kf1 e2+ 41. Kf2 Kf8 1/2-1/2

[Event "World Rapid 2022"]
[Site "Almaty KAZ"]
[Date "2022.12.28"]
[Round "13.9"]
[White "Sarana, Alexey"]
[Black "Nihal, Sarin"]
[Result "1/2-1/2"]
[WhiteTitle "GM"]
[BlackTitle "GM"]
[WhiteElo "2668"]
[BlackElo "2670"]
[WhiteFideId "24133795"]
[BlackFideId "25092340"]
[EventDate "2022.12.26"]

1. d4 d5 2. c4 dxc4 3. Nf3 Nf6 4. e3 e6 5. Bxc4 c5 6. O-O a6 7. Nc3 b5 8. Bb3
Bb7 9. e4 cxd4 10. Nxd4 Nbd7 11. Re1 Ne5 12. Nd5 Nfd7 13. Nf4 Nc5 14. Bc2 Ng6
15. b4 e5 16. bxc5 Qxd4 17. Qxd4 exd4 18. Nd3 Rc8 19. Bb2 Bxc5 20. Nxc5 Rxc5 21.
Bb3 Rc8 22. Rad1 O-O 23. Bxd4 Rfe8 24. f3 Bc6 25. Rd2 Nf8 26. Rc1 Bd7 27. Rdc2
Rxc2 28. Rxc2 Be6 29. Rc6 Bxb3 30. axb3 Ra8 31. Rb6 h6 32. f4 Rd8 33. Be3 Rd3
34. Kf2 Nd7 35. Rxa6 Nf6 36. Kf3 Rxb3 37. h3 Rb4 38. Ra8+ 1/2-1/2

[Event "World Rapid 2022"]
[Site "Almaty KAZ"]
[Date "2022.12.28"]
[Round "13.10"]
[White "Duda, Jan-Krzysztof"]
[Black "Tabatabaei, M. Amin"]
[Result "1-0"]
[WhiteTitle "GM"]
[BlackTitle "GM"]
[WhiteElo "2729"]
[BlackElo "2660"]
[WhiteFideId "1170546"]
[BlackFideId "12521213"]
[EventDate "2022.12.26"]

1. d4 d5 2. c4 e6 3. Nc3 Nf6 4. cxd5 exd5 5. Bg5 Bb4 6. Qa4+ Nc6 7. e3 h6 8.
Bxf6 Qxf6 9. Rc1 O-O 10. Nf3 Qg6 11. Qd1 Be6 12. a3 Bxc3+ 13. Rxc3 Rfc8 14. h3
Ne7 15. Bd3 Qf6 16. g4 Ng6 17. Rg1 Nh4 18. Nxh4 Qxh4 19. Qf3 c6 20. Kd2 Re8 21.
Qg3 Qxg3 22. Rxg3 g5 23. Rc1 Kg7 24. Rh1 f6 25. h4 Rh8 26. f3 Bf7 27. Rgh3 gxh4
28. Rxh4 a5 29. Bf5 Rae8 30. Ke2 Re7 31. Kf2 Bg6 32. R4h3 Ree8 33. Re1 Kf7 34.
b3 Kg7 35. Reh1 Re7 36. b4 axb4 37. axb4 Ree8 38. b5 Ra8 39. Rc1 Be8 40. Kg3 Ra5
41. bxc6 Bxc6 42. Kf4 Ra3 43. Rch1 Rc3 44. R3h2 Ra3 45. Rd2 Re8 46. Rd3 Rxd3 47.
Bxd3 Ra8 48. Rb1 Ra5 49. Bf5 b5 50. Rc1 Ra6 51. e4 b4 52. Be6 dxe4 53. d5 Be8
54. Rc7+ Kf8 55. fxe4 b3 56. Rb7 Ra1 57. Rxb3 Rf1+ 58. Ke3 Rd1 59. Bf5 h5 60.
Rb8 h4 61. Kf2 Rd2+ 62. Ke3 Rd1 63. Kf2 Rd2+ 64. Kg1 Ke7 65. Rb7+ Kd6 66. Rb6+
Ke5 67. Re6+ Kf4 68. Rxe8 h3 69. Ra8 Rd3 70. Kh2 Kg5 71. d6 Rxd6 72. Kxh3 Rd3+
73. Kg2 Kf4 74. Ra2 Rg3+ 75. Kf1 Rb3 76. Ke2 Re3+ 77. Kd2 Rh3 78. Ra6 Kg5 79.
Rd6 Ra3 80. Rd3 Ra5 81. Kc3 Kf4 82. Kb4 Re5 83. Rd6 Kg5 84. Re6 1-0

[Event "World Rapid 2022"]
[Site "Almaty KAZ"]
[Date "2022.12.28"]
[Round "13.11"]
[White "Sargissian, Gabriel"]
[Black "Nepomniachtchi, Ian"]
[Result "0-1"]
[WhiteTitle "GM"]
[BlackTitle "GM"]
[WhiteElo "2699"]
[BlackElo "2793"]
[WhiteFideId "13300881"]
[BlackFideId "4168119"]
[EventDate "2022.12.26"]

1. d4 Nf6 2. c4 e6 3. Nf3 d5 4. g3 Be7 5. Bg2 O-O 6. O-O dxc4 7. Qc2 a6 8. a4 h6
9. Rd1 Nc6 10. Bf4 Nd5 11. Qxc4 Ncb4 12. Bd2 b5 13. Qc1 Bb7 14. Ne5 Qc8 15. Nc3
Nxc3 16. Qxc3 Bxg2 17. Kxg2 c5 18. dxc5 Nd5 19. Qf3 bxa4 20. Rxa4 Qxc5 21. Rda1
Qb5 22. Nd3 Rfc8 23. Qe4 Bf6 24. R1a2 Rc2 25. Bf4 Qc6 26. Kg1 Qb7 27. Be5 Bxe5
28. Qxe5 Rac8 29. Ra1 R8c6 30. h4 Rd2 31. Qe4 f5 32. Qe5 Kh7 33. Re1 Qb6 34. Qd4
Qb5 35. Kf1 Rcc2 36. Ra3 Qc6 37. f3 Qb5 38. Qa4 Qb8 39. Nf4 Rxb2 40. Nxd5 Rxd5
41. Qf4 Qb5 42. Re3 Qb6 43. Ra3 Rb1 44. Rxb1 Qxb1+ 45. Kg2 Qe1 0-1